000
00280nam a2200109Ia 4500
008
230320s9999||||xx |||||||||||||| ||spa||
082
_a
193/S31D
100
_a
Schopenhauer, Arturo
245
0
_a
Los Dos Problemas Fundamentales De La Ética I
260
_b
Aguilar
942
_8
2
_c
LIB
999
_c
26570
_d
26570